LEADER 00813nam a2200193 i 4500 001 000000231651 003 CaOOAMICUS 005 20140806000000.0 008 140806s1794 it u000 u fre u 013 $a210554 026 $aoure esse L.6. se(1 (C) 1794 (F) 040 $aSeMil$bita 245 10$a1.2. 300 $a[5] p., P. 372-750, [2] p. 500 $aSegn. : pigreco1 Aa-Zz8 Aaa8 (bianca Aaa8). 773 0 $aDupuis, Charles François <1742-1809>$tOrigine de tous les cultes ou religion universelle. Par Dupuis, citoyen francois. Premiere partie du tome 1. [-tome 7.].$dA Paris : Chez H. Agasse, [1794-1795], l'an III de la Republique.$g1$w()30279 850 $aSeMil 852 $aSeMil$W1$xVenegono$y1$m2X II 8 FA$j181997$B181997$CSeMilBibl$Z2$F192965 $8I 996 $6245$a1.2$9(OLS)http://semarc/title/118780 LEADER 01060nam a2200229 i 4500 001 000000201705 003 CaOOAMICUS 005 20110504000000.0 008 110504s1963 it u000 u ita u 013 $a180411 040 $aSeMil$bita 100 1 $aUgurgieri della Berardenga, Curzio.$0(OLS)http://semarc/name/72885 245 10$aAvventurieri alla conquista di feudi e di corone :$b1356-1429 /$cCurzio Ugurgieri della Berardenga. 260 $aFirenze :$bLeo S. Olschki,$c1963. 300 $aV, 264 p., [12] p. di tav. ;$c24 cm. 490 0 $aBiblioteca dell'Archivio storico italiano ;$v14. 650 4$aCapitani di ventura.$0(OLS)http://semarc/subject/37882 830 0$aBiblioteca dell'Archivio storico italiano ;$v14.$0(OLS)http://semarc/title/23807 850 $aSeMil 852 $aSeMil$W1$xVenegono$y1$m3WA II 10$j152231$B152231$CSeMilBibl$Z2$F163374 $81 996 $6245$aAvventurieri alla conquista di feudi e di corone :$b1356-1429$9(OLS)http://semarc/title/291929 996 $6260$aFirenze :$bLeo S. Olschki$9(OLS)http://semarc/publisher/29957